Muslim women in India : (Record no. 472)
[ view plain ]
| 000 -LEADER | |
|---|---|
| fixed length control field | 00530cam a2200193 a 4500 |
| 001 - CONTROL NUMBER | |
| control field | 3429025 |
| 005 - DATE AND TIME OF LATEST TRANSACTION | |
| control field | 20240222015809.0 |
| 008 - FIXED-LENGTH DATA ELEMENTS--GENERAL INFORMATION | |
| fixed length control field | 910627s1990 ii b 000 0 eng |
| 020 ## - INTERNATIONAL STANDARD BOOK NUMBER | |
| ISBN | 818510719X : |
| 040 ## - CATALOGING SOURCE (பட்டியலாக்க மூலம்) | |
| Original cataloging agency | DLC |
| Transcribing agency | DLC |
| Modifying agency | DLC |
| 082 00 - DDC Classification | |
| Class No. | 322.4. |
| DDC Edition Number | 20 |
| Item Number - Author Mark | MUS. |
| 100 1# - MAIN ENTRY--PERSONAL NAME | |
| Personal name | Lateef, Shahida. |
| 245 10 - TITLE STATEMENT | |
| Title | Muslim women in India : |
| Remainder of title | political & private realities, 1890s-1980s / |
| Statement of responsibility, etc. | Shahida Lateef. |
| 260 ## - PUBLICATION, DISTRIBUTION, ETC. | |
| Place of publication, distribution, etc. | New Delhi : |
| Name of publisher, distributor, etc. | Kali for Women, |
| Date of publication, distribution, etc. | 1990. |
| 300 ## - PHYSICAL DESCRIPTION | |
| Extent (e.g. Volumes, Pages etc.) | 230 p. ; |
| 650 #0 - SUBJECT ADDED ENTRY--TOPICAL TERM | |
| Topical term or geographic name entry element | Muslim women |
| 650 #0 - SUBJECT ADDED ENTRY--TOPICAL TERM | |
| Topical term or geographic name entry element | Feminism |
| 942 ## - Koha item type (Biblio) | |
| Koha item type | Books in Stacks (Lending) |
| Lost status | Damaged status | Collection code | Home library | Current library | Date acquired | Full call number | Accession Number | Item type |
|---|---|---|---|---|---|---|---|---|
| Lending | WERC Library | WERC Library | 02/22/2024 | 322.4. MUS. | 1459 | Books in Stacks (Lending) |
